Winning at interviews (Record no. 1234)

MARC details
000 -LEADER
Fixed length control field 00458nam a2200181 4500
003 - CONTROL NUMBER IDENTIFIER
Control field SEACOMMC
005 - DATE AND TIME OF LATEST TRANSACTION
Control field 20250806162658.0
008 - FIXED-LENGTH DATA ELEMENTS--GENERAL INFORMATION
Fixed length control field 250806b |||||||| |||| 00| 0 eng d
022 ## - INTERNATIONAL STANDARD SERIAL NUMBER / ISSN
International Standard Serial Number 81 297 0060 3
040 ## - CATALOGING SOURCE
Original cataloging agency SEACOMMC
082 ## - DEWEY DECIMAL CLASSIFICATION NUMBER
Classification number 658.31124
Book Number T529W
100 ## - MAIN ENTRY--PERSONAL NAME
Personal name THORPE ,Edgar and THORPE Showick
245 ## - TITLE STATEMENT
Title Winning at interviews
260 ## - IMPRINT
Place of publication Delhi
Name of publisher Pearson Education
Date of publication 2012
300 ## - PHYSICAL DESCRIPTION
Page / Vol. No 182
650 ## - SUBJECT ADDED ENTRY--TOPICAL TERM
Topical term Interview; Management
942 ## - ADDED ENTRY ELEMENTS (KOHA)
Koha item type Books
Holdings
Withdrawn status Lost status Source of classification Damaged status Not for loan Home library Current library Date acquired Total Checkouts Call number Accession number Date last seen Copy number Price effective from Koha item type
    Dewey Decimal Classification     SEACOM MANAGEMENT COLLEGE SEACOM MANAGEMENT COLLEGE 27/01/2012   658.31124 T529W M-3106 06/08/2025 1 06/08/2025 Books
© Seacom Engineering College, All rights reserved.    Powered by Koha